| 000 | 01014nam a2200253 a 4500 | ||
|---|---|---|---|
| 001 | 000033551 | ||
| 003 | DO-SdBNP | ||
| 005 | 20250318151122.0 | ||
| 007 | ta | ||
| 008 | 110714s 1853dr 000 0 spa d | ||
| 040 |
_aDO-SdBNP _bspa _cBNPHU |
||
| 082 |
_a972.93 _bM772h, 1853- |
||
| 100 | 1 |
_aMonte y Tejada, Antonio del, _d1783-1861 _958292 |
|
| 245 | 1 | 0 |
_aHistoria de Santo Domingo : _bdesde su descubrimiento hasta nuestros días / _cAntonio Del Monte y Tejada. |
| 260 |
_aLa Habana, Cuba : _bEstablecimiento Tipográfico de Soler, _c1853. |
||
| 300 |
_av. ; _c23 cm. |
||
| 500 | _aIncluye referencias bibliográficas y notas al pie de la páginas | ||
| 500 | _aLa biblioteca posee el volumen I. | ||
| 590 | _aInventariado, 2022/ YL | ||
| 651 | 4 |
_aAmérica -- _xDescubrimiento y exploración -- _xEspañoles _9544 _vEnsayo, conferencias, etc. |
|
| 651 | 4 |
_aIsla Española (Haiti Y República Dominicana{Rpara} _xHistoria _938883 |
|
| 910 | _aYLockward/ Validado. Control de calidad MFF | ||
| 942 |
_2ddc _cLBS1 |
||
| 999 |
_c33042 _d33042 |
||